[Event "Moscow Open 2009 B"]
[Site "www.moscowchessopen.ru"]
[Date "2009.02.02"]
[Round "3.12"]
[White "Erofeev, Alexey"]
[Black "Birjukov, Sergey"]
[Result "1-0"]
[WhiteElo "2195"]
[BlackElo "2287"]
[Annotator ""]
[Source ""]
[Remark ""]

1.d4 d5 2.Bg5 h6 3.Bh4 c6 4.e3 Qb6 5.b3 e5 6.Nf3 Bg4 7.Be2 e4
8.Nfd2 Bxe2 9.Qxe2 Nd7 10.O-O Ngf6 11.c4 Qa6 12.f3 exf3 13.Qxf3
Bb4 14.e4 O-O 15.e5 Nh7 16.cxd5 cxd5 17.Qxd5 Nb6 18.Qe4 Rac8
19.Nf3 Qa5 20.a3 Rc7 21.Ra2 Rfc8 22.Re2 Bf8 23.e6 f6 24.Bg3 f5
25.Qd3 Re7 26.Re5 Qa6 27.Qxf5 Na8 28.Nh4 Nc7 29.d5 Nf6 30.Ng6
Nb5 31.Bh4 Nd4 32.Qf2 Qb6 33.Kh1 Rc2 34.Qg3 Qb5 35.Rfe1 Ne2 36.Qf2
Rec7 37.R5xe2 Rxe2 38.Qxe2 Qxe2 39.Rxe2 Nxd5 40.Nxf8 Kxf8 41.e7+
Ke8 42.Re1 g5 43.Bg3 Rc2 44.h4 g4 45.h5 1-0

[Event "Moscow Open 2009 B"]
[Site "www.moscowchessopen.ru"]
[Date "2009.02.02"]
[Round "3.13"]
[White "Kuznesov, Andrei"]
[Black "Karlson, Vladilen"]
[Result "1/2-1/2"]
[WhiteElo "2286"]
[BlackElo "2190"]
[Annotator ""]
[Source ""]
[Remark ""]

1.e4 c5 2.Nf3 Nc6 3.c3 Nf6 4.d3 g6 5.g3 Bg7 6.Bg2 O-O 7.O-O d6
8.Re1 e5 9.d4 cxd4 10.cxd4 Bg4 11.dxe5 dxe5 12.Qb3 Qd7 13.Bg5
Rfe8 14.Nc3 Nd4 15.Nxd4 exd4 16.e5 Be6 17.Qxb7 Rab8 18.Qa6 Rb6
19.Qa5 dxc3 20.Rad1 Qxd1 21.Rxd1 cxb2 22.Bc6 b1Q 23.Rxb1 Rxb1+
24.Kg2 Bd7 25.Qa4 Bxc6+ 26.Qxc6 Rb6 27.Qc7 Ne4 28.Be3 Bxe5 29.Qxa7
Rbb8 30.a4 Ra8 31.Qd7 Nf6 32.Qc6 Rac8 33.Qb7 Rc7 34.Qb5 Rcc8
35.a5 Ne4 36.a6 Nd6 37.Qd5 Nc4 38.Bc5 Red8 39.Qxc4 Bd6 40.a7
Rxc5 41.Qd4 Rcc8 42.h4 Bxg3 43.Qf6 Bd6 44.h5 Bf8 45.f4 Ra8 46.f5
Rd6 47.Qa1 gxf5 48.Kf3 Bg7 49.Qb1 h6 50.Kf4 Rdd8 51.Qb7 Bd4 52.Kxf5
Rxa7 53.Qg2+ Bg7 54.Qc6 Ra5+ 55.Kg4 Rg5+ 56.Kh4 Rd4+ 57.Kh3 Be5
58.Qe8+ Kg7 59.Qxf7+ 1/2-1/2

[Event "Moscow Open 2009 B"]
[Site "www.moscowchessopen.ru"]
[Date "2009.02.02"]
[Round "3.14"]
[White "Bronnikov, Konstantin"]
[Black "Klimovets, Kirill"]
[Result "0-1"]
[WhiteElo "2285"]
[BlackElo "2183"]
[Annotator ""]
[Source ""]
[Remark ""]

1.e4 c5 2.Nf3 d6 3.d4 cxd4 4.Nxd4 Nf6 5.Nc3 g6 6.g3 Bg7 7.Bg2
O-O 8.O-O a6 9.a4 h6 10.h3 e5 11.Nde2 Nc6 12.Be3 Be6 13.Qd2 Kh7
14.f4 Qd7 15.Kh2 Bc4 16.f5 Nd4 17.b3 Bxe2 18.Nxe2 Nxe2 19.Qxe2
b5 20.g4 Qc6 21.h4 Rac8 22.g5 Nxe4 23.f6 Bh8 24.axb5 axb5 25.Qg4
d5 26.Bxe4 dxe4 27.Ra2 h5 28.Qe2 Ra8 29.Rxa8 Rxa8 30.b4 Qc3 31.Qd2
Qc4 32.Rf2 Ra2 33.Bc5 e3 34.Qxe3 Qxh4+ 35.Kg2 Ra1 36.Rf1 Qg4+
37.Kf2 Qf5+ 0-1

[Event "Moscow Open 2009 B"]
[Site "www.moscowchessopen.ru"]
[Date "2009.02.02"]
[Round "3.15"]
[White "Zimin, Alexey"]
[Black "Betaneli, Alexander"]
[Result "1/2-1/2"]
[WhiteElo "2193"]
[BlackElo "2284"]
[Annotator ""]
[Source ""]
[Remark ""]

1.e4 e5 2.f4 exf4 3.Nf3 d5 4.exd5 Nf6 5.Bb5+ c6 6.dxc6 Nxc6 7.d4
Bd6 8.Qe2+ Qe7 9.Qxe7+ Kxe7 10.O-O Rd8 11.Bxc6 bxc6 12.Ne5 Bxe5
13.dxe5 Nd5 14.Bxf4 Nxf4 15.Rxf4 Rd1+ 16.Rf1 Rxf1+ 17.Kxf1 Ba6+
18.Ke1 Rb8 19.b3 Rb5 20.c4 Rxe5+ 21.Kf2 Rh5 22.Nc3 Bc8 23.h3
Rf5+ 24.Ke3 h5 25.Rd1 g5 26.Ne4 Re5 27.Kd4 f6 28.Rf1 Bf5 29.Nc5
h4 30.b4 Bc8 31.Ne4 Rf5 32.Re1 Re5 33.Rf1 Be6 34.Rf3 a5 35.Nxf6
Re2 36.bxa5 Rxa2 37.Ne4 Rxa5 38.Nc5 Bc8 39.Re3+ Kf7 40.Re5 g4
41.hxg4 Ra2 42.Rh5 Rxg2 43.Rxh4 Rxg4+ 44.Rxg4 Bxg4 1/2-1/2

[Event "Moscow Open 2009 B"]
[Site "www.moscowchessopen.ru"]
[Date "2009.02.02"]
[Round "3.16"]
[White "Babikov, Ivan"]
[Black "Khazankin, Moisei"]
[Result "1-0"]
[WhiteElo "2284"]
[BlackElo "2180"]
[Annotator ""]
[Source ""]
[Remark ""]

1.e4 c5 2.c3 g6 3.d4 Bg7 4.dxc5 Qc7 5.Be3 Nf6 6.Nd2 a5 7.Rb1
O-O 8.f3 Na6 9.Bxa6 Rxa6 10.Ne2 d5 11.cxd6 exd6 12.O-O d5 13.Ng3
Re8 14.Bd4 Be6 15.e5 Nd7 16.f4 f6 17.exf6 Bxf6 18.Bxf6 Nxf6 19.Nb3
Ne4 20.Nd4 Bf7 21.Qd3 Rf6 22.Nge2 Qb6 23.b4 a4 24.Rbe1 Rc8 25.Kh1
g5 26.Rc1 gxf4 27.Nxf4 Qd6 28.Nde2 Rf8 29.c4 Be6 30.Qe3 Bg4 31.g3
Qxb4 32.Kg2 Qb2 33.Qd4 Bh3+ 34.Kxh3 Qxd4 35.Nxd4 dxc4 36.Rfe1
Nf2+ 37.Kg2 Nd3 38.Nxd3 cxd3 39.Rcd1 Rf2+ 40.Kh3 Rxa2 41.Rxd3
Rff2 42.Nf3 b5 43.Re7 Kf8 44.Rb7 Rae2 45.Rxb5 Re6 46.Ra5 Rf6
47.Nh4 Ra2 48.Ra7 Re6 49.Rf3+ Ke8 50.Nf5 Ree2 51.Nd6+ 1-0

[Event "Moscow Open 2009 B"]
[Site "www.moscowchessopen.ru"]
[Date "2009.02.02"]
[Round "3.17"]
[White "Kulagin, Maxim"]
[Black "Khachatryan, Vahagn"]
[Result "0-1"]
[WhiteElo "2186"]
[BlackElo "2283"]
[Annotator ""]
[Source ""]
[Remark ""]

1.e4 e5 2.Nf3 Nc6 3.Bc4 Bc5 4.b4 Bxb4 5.c3 Ba5 6.d4 exd4 7.Qb3
Qe7 8.O-O Bb6 9.cxd4 Nxd4 10.Nxd4 Bxd4 11.Nc3 Nf6 12.Nb5 d5 13.exd5
Bxa1 14.Ba3 Qe5 15.f4 Bd4+ 16.Kh1 Qe3 17.Nxc7+ Kd8 18.Nxa8 Ng4
19.Qxe3 Nxe3 20.Rc1 Nxc4 21.Rxc4 Re8 22.Bb4 Bf2 23.Rc2 Re4 24.a3
Rxf4 25.g3 Bf5 26.Kg2 Be4+ 27.Kh3 Bxc2 28.gxf4 b6 29.d6 a5 30.Bc3
Bf5+ 31.Kg2 Bc5 32.Kf3 f6 33.Bb2 Kd7 34.Nc7 Bxd6 35.Nd5 Bc5 36.h4
h5 37.Ne3 Bd3 38.Nd1 Kd6 39.Nc3 b5 40.Ne4+ Bxe4+ 0-1

[Event "Moscow Open 2009 B"]
[Site "www.moscowchessopen.ru"]
[Date "2009.02.02"]
[Round "3.18"]
[White "Dzhangobegov, Vladimir"]
[Black "Belotelov, Dmitriy"]
[Result "1-0"]
[WhiteElo "2180"]
[BlackElo "2278"]
[Annotator ""]
[Source ""]
[Remark ""]

1.e4 g6 2.d4 Bg7 3.Nc3 d6 4.Bg5 Nd7 5.Qd2 a6 6.a4 c5 7.Nf3 b6
8.Bc4 Bb7 9.O-O h6 10.Bh4 g5 11.Bg3 g4 12.Nh4 Bxd4 13.Nf5 Be5
14.f4 gxf3 15.Rxf3 e6 16.Nxd6+ Bxd6 17.Qxd6 Nf8 18.Qf4 Rh7 19.Rd1
Qe7 20.Nb5 Ng6 21.Nc7+ Kf8 22.Qe3 1-0

[Event "Moscow Open 2009 B"]
[Site "www.moscowchessopen.ru"]
[Date "2009.02.02"]
[Round "3.19"]
[White "Natacheev, Peter"]
[Black "Okun, Leonid"]
[Result "0-1"]
[WhiteElo "2179"]
[BlackElo "2277"]
[Annotator ""]
[Source ""]
[Remark ""]

1.e4 d6 2.d4 Nf6 3.Bd3 g6 4.Ne2 Bg7 5.O-O O-O 6.c3 c5 7.Nd2 Qc7
8.h3 Nc6 9.Bb1 cxd4 10.cxd4 Bd7 11.Nf3 Rac8 12.Nc3 e5 13.dxe5
dxe5 14.Be3 Rfd8 15.Qe2 Be6 16.Rd1 Rxd1+ 17.Qxd1 Rd8 18.Qa4 a6
19.Ng5 Bc8 20.Qb3 Nd4 21.Bxd4 exd4 22.Ne2 h6 23.Nf3 Be6 24.Qd1
Qb6 25.Bd3 Nd7 26.Nf4 Nc5 27.Nxe6 Qxe6 28.Qc2 Rc8 29.Rc1 Rc6
30.Qxc5 Rxc5 31.Rxc5 Qxa2 32.e5 b5 33.Be4 d3 34.Bxd3 Qa1+ 35.Kh2
Qxb2 36.e6 fxe6 37.Bxg6 Bf8 38.Rc6 Qf6 39.Bh5 a5 40.Bg4 a4 41.Rxe6
Qb2 42.Ra6 Qxf2 43.Rf6 Kg7 44.Re6 a3 45.Bf5 a2 46.Rg6+ Kh8 47.Ra6
Bd6+ 0-1

[Event "Moscow Open 2009 B"]
[Site "www.moscowchessopen.ru"]
[Date "2009.02.02"]
[Round "3.20"]
[White "Kapov, Albert"]
[Black "Gankin, Stanislav"]
[Result "1-0"]
[WhiteElo "2176"]
[BlackElo "2275"]
[Annotator ""]
[Source ""]
[Remark ""]

1.e4 e6 2.d4 d5 3.e5 c5 4.c3 Nc6 5.Nf3 Bd7 6.a3 c4 7.Nbd2 Na5
8.h4 Bc6 9.g3 Qd7 10.Bh3 Ba4 11.Qe2 Qc6 12.O-O Bc2 13.Ne1 Qa4
14.Bg4 Bf5 15.Bxf5 exf5 16.Ng2 Ne7 17.Nf3 Nb3 18.Rb1 Nxc1 19.Rfxc1
g6 20.Nf4 Bh6 21.Ng5 O-O 22.Re1 Qc6 23.Qf3 Rfe8 24.Re2 b5 25.Kg2
a5 26.Rh1 Rab8 27.e6 f6 28.Nf7 Kg7 29.Nxh6 Kxh6 30.g4 fxg4 31.Qxg4
Rf8 32.Rg1 Kg7 33.h5 g5 34.h6+ Kh8 35.Kh1 Rg8 36.Nh3 Rg6 37.f4
Rxh6 38.fxg5 fxg5 39.Rh2 Rg8 40.Nxg5 Rxh2+ 41.Kxh2 Qc7+ 42.Kh1
Ng6 43.Rf1 Rg7 44.Qf5 Qe7 45.Qxd5 h6 46.Nf7+ Kh7 47.Qh5 Qxe6
48.Ng5+ 1-0

[Event "Moscow Open 2009 B"]
[Site "www.moscowchessopen.ru"]
[Date "2009.02.02"]
[Round "3.21"]
[White "Murzin, Lenar"]
[Black "Erzhanov, Arman"]
[Result "1/2-1/2"]
[WhiteElo "2175"]
[BlackElo "2273"]
[Annotator ""]
[Source ""]
[Remark ""]

1.d4 d5 2.Nf3 Nf6 3.c4 e6 4.Nc3 Bb4 5.Bg5 dxc4 6.e3 b5 7.Be2
Bb7 8.O-O a6 9.a4 Bxc3 10.bxc3 Qd5 11.Bf4 Ne4 12.Qc2 O-O 13.axb5
axb5 14.Rxa8 Bxa8 15.Bxc7 Nd7 16.Ra1 Bb7 17.Ne1 f5 18.f3 Nef6
19.Qb2 Qc6 20.Bg3 Nb6 21.Nc2 Na4 22.Qa3 Ra8 23.Nb4 Qd7 24.Be5
Qe7 25.Qc1 Nd7 26.Bg3 Kf7 27.Kf2 Nf6 28.Ra3 Nxc3 29.Rxa8 Nxe2
30.Kxe2 Bxa8 31.Qb2 Qa7 32.Be5 Qd7 33.Qa3 Nd5 34.Nxd5 Bxd5 35.Kd2
Qb7 36.Kc3 Qd7 37.Qd6 Qa7 38.Qc7+ Qxc7 39.Bxc7 g5 40.Bd8 g4 41.fxg4
fxg4 42.h3 Bxg2 43.hxg4 h6 44.Bc7 Bf3 45.Bf4 Kg6 46.Kb4 Bxg4
47.Kxb5 c3 48.Kc4 c2 49.e4 h5 50.Kd3 Bd1 51.Kd2 h4 52.d5 Bf3
53.d6 Kf7 54.Kxc2 Bxe4+ 55.Kd2 1/2-1/2

[Event "Moscow Open 2009 B"]
[Site "www.moscowchessopen.ru"]
[Date "2009.02.02"]
[Round "3.22"]
[White "Kozlov, Vladimir N"]
[Black "Remizov, Juri"]
[Result "1-0"]
[WhiteElo "2269"]
[BlackElo "2174"]
[Annotator ""]
[Source ""]
[Remark ""]

1.c4 e5 2.Nc3 f5 3.g3 Nf6 4.Bg2 Bc5 5.e3 Nc6 6.Nge2 e4 7.d4 exd3
8.Qxd3 O-O 9.O-O Ne5 10.Qxf5 d6 11.Qc2 Be6 12.b3 Qd7 13.Nf4 Bf5
14.e4 Bg4 15.Bb2 Bf3 16.Na4 Nxe4 17.Bxe5 Bxg2 18.Kxg2 Ng5 19.Nxc5
Qc6+ 20.Nd5 Rae8 21.Bf4 1-0

[Event "Moscow Open 2009 B"]
[Site "www.moscowchessopen.ru"]
[Date "2009.02.02"]
[Round "3.23"]
[White "Menshikov, Alexander"]
[Black "Vardanian, Haik G"]
[Result "1/2-1/2"]
[WhiteElo "2174"]
[BlackElo "2269"]
[Annotator ""]
[Source ""]
[Remark ""]

1.e4 c5 2.c3 Nf6 3.e5 Nd5 4.d4 cxd4 5.cxd4 e6 6.Nc3 Nxc3 7.bxc3
Qc7 8.Bd2 d6 9.f4 Bd7 10.Nf3 Bc6 11.Bd3 Nd7 12.O-O g6 13.Ng5
h6 14.Ne4 Bxe4 15.Bxe4 d5 16.Bd3 O-O-O 17.a4 Nb6 18.Qe2 Kb8 19.Rfb1
Nc4 20.Rb3 Qc6 21.Be1 Be7 22.a5 Ka8 23.Qa2 a6 24.Qb1 Rb8 25.Ra2
Bd8 26.Qa1 Qc7 27.Ra4 Be7 28.Qa2 Rbc8 29.Bd2 Qd7 30.Bc1 Rc6 31.Qa1
Qc7 32.Kf2 Bd8 33.Rbb4 Nxa5 34.Bd2 Nc4 35.Bxc4 dxc4 36.Qa2 Bh4+
37.g3 Be7 38.Rxc4 Rc8 39.Rxc6 Qxc6 1/2-1/2

[Event "Moscow Open 2009 B"]
[Site "www.moscowchessopen.ru"]
[Date "2009.02.02"]
[Round "3.24"]
[White "Asefi, Zaheeruddeen"]
[Black "Kursova, Maria"]
[Result "0-1"]
[WhiteElo "2172"]
[BlackElo "2268"]
[Annotator ""]
[Source ""]
[Remark ""]

1.d4 Nf6 2.c4 e6 3.Nc3 Bb4 4.Qc2 c5 5.dxc5 O-O 6.a3 Bxc5 7.b4
Be7 8.Bb2 a5 9.b5 b6 10.Nf3 Bb7 11.e3 d6 12.Rd1 Nbd7 13.Be2 Qc7
14.O-O Rac8 15.Rd4 Qb8 16.Rh4 h6 17.Rd1 Rc7 18.Qb1 Rfc8 19.Qa1
Ne8 20.Rh3 Bxf3 21.gxf3 Ne5 22.Ne4 Nxc4 23.Bxg7 Nxg7 24.Nf6+
Bxf6 25.Qxf6 Ne5 26.Qxh6 Ng6 27.Kg2 Rc5 28.Bd3 Nf5 29.Bxf5 Rxf5
30.Rd4 d5 31.Rg4 Qe5 32.Rhg3 Rc7 33.h4 Rh5 34.Rxg6+ fxg6 35.Qxg6+
Rg7 36.Qe8+ Kh7 37.f4 Qe4+ 38.f3 Rxg3+ 0-1

[Event "Moscow Open 2009 B"]
[Site "www.moscowchessopen.ru"]
[Date "2009.02.02"]
[Round "3.25"]
[White "Minasyan, Arnold"]
[Black "Uliashev, Pavel"]
[Result "1-0"]
[WhiteElo "2171"]
[BlackElo "2267"]
[Annotator ""]
[Source ""]
[Remark ""]

1.e4 c5 2.Nf3 e6 3.d4 cxd4 4.Nxd4 Nf6 5.Nc3 d6 6.Be2 Be7 7.O-O
a6 8.f4 Qc7 9.a4 Nc6 10.Be3 O-O 11.Qe1 Nxd4 12.Bxd4 e5 13.fxe5
dxe5 14.Qg3 Bc5 15.Bxc5 Qxc5+ 16.Kh1 Kh8 17.Qh4 Ng8 18.Bg4 Be6
19.Qh3 Qc4 20.Bxe6 fxe6 21.Rxf8 Rxf8 22.Qe3 Nf6 23.h3 Qb4 24.Rb1
Qd4 25.Qf3 Kg8 26.Rd1 Qb6 27.b3 Qc5 28.Qg3 h5 29.Qe1 b5 30.Rd3
b4 31.Na2 Nxe4 32.Re3 Rf1+ 33.Qxf1 Qxe3 34.Qxa6 Qe1+ 35.Kh2 Qg3+
36.Kg1 Qf2+ 37.Kh2 Qg3+ 38.Kg1 Kh7 39.Qe2 Qg6 40.Qd3 Qf5 41.Qf3
Qg6 42.Nxb4 Ng3 43.Kh2 h4 44.Qg4 Qf6 45.Qf3 Qg5 46.Nd3 e4 47.Qf4
Qd8 48.Nc5 e5 49.Ne6 Qe7 50.Qxe5 Qa7 51.Ng5+ Kh8 52.Qe8# 1-0

[Event "Moscow Open 2009 B"]
[Site "www.moscowchessopen.ru"]
[Date "2009.02.02"]
[Round "3.26"]
[White "Gulevich, Artem"]
[Black "Novikov, Valeri"]
[Result "0-1"]
[WhiteElo "2264"]
[BlackElo "2169"]
[Annotator ""]
[Source ""]
[Remark ""]

1.Nf3 Nf6 2.b3 c5 3.Bb2 Nc6 4.e3 d5 5.Be2 g6 6.O-O Bg7 7.d4 cxd4
8.Nxd4 O-O 9.Nd2 Nxd4 10.Bxd4 Bf5 11.c4 dxc4 12.Nxc4 Ne4 13.Bxg7
Kxg7 14.Qc1 Rc8 15.Qb2+ f6 16.Rfd1 Qe8 17.Rac1 b5 18.Na5 b4 19.Rxc8
Qxc8 20.Rc1 Nc3 21.Bf3 Qc7 22.Nc6 Rc8 23.Kh1 Qd6 24.a3 a5 25.axb4
axb4 26.Nd4 e5 27.Nxf5+ gxf5 28.h3 e4 29.Bh5 Rd8 30.Qa1 Qd5 31.Rxc3
bxc3 32.Qxc3 Qe5 33.Qc4 Rd7 34.g4 f4 35.g5 f3 36.Qc2 f5 0-1

[Event "Moscow Open 2009 B"]
[Site "www.moscowchessopen.ru"]
[Date "2009.02.02"]
[Round "3.27"]
[White "Drogilov, Alexander"]
[Black "Kruchev, Boris"]
[Result "1/2-1/2"]
[WhiteElo "2166"]
[BlackElo "2263"]
[Annotator ""]
[Source ""]
[Remark ""]

1.c4 Nf6 2.Nf3 e6 3.g3 d5 4.Bg2 c6 5.b3 Nbd7 6.O-O Be7 7.Ba3
O-O 8.Qc1 b6 9.cxd5 cxd5 10.Bxe7 Qxe7 11.Qa3 Qxa3 12.Nxa3 Ba6
13.d3 Rfc8 14.Rfc1 Kf8 15.Kf1 Ng4 16.Ke1 h6 17.Kd2 g5 18.h3 Ngf6
19.Nd4 Bb7 20.Rxc8+ Rxc8 21.Nab5 a6 22.Nd6 Rc7 23.Nxb7 Rxb7 24.Rc1
Ne8 25.Rc8 Rb8 26.Rc6 Rb7 27.Rc8 Rb8 1/2-1/2

[Event "Moscow Open 2009 B"]
[Site "www.moscowchessopen.ru"]
[Date "2009.02.02"]
[Round "3.28"]
[White "Mukhin, Viktor"]
[Black "Vdovin, Sergei"]
[Result "0-1"]
[WhiteElo "2164"]
[BlackElo "2263"]
[Annotator ""]
[Source ""]
[Remark ""]

1.e4 c5 2.Nf3 d6 3.c3 Nf6 4.Bd3 Bg4 5.Bc2 Nc6 6.d4 cxd4 7.cxd4
e6 8.d5 exd5 9.exd5 Ne5 10.Ba4+ Nfd7 11.Bxd7+ Qxd7 12.Nxe5 dxe5
13.Qb3 Bd6 14.O-O O-O 15.Nc3 f5 16.f3 Bh5 17.Be3 Bf7 18.Rfd1
a6 19.a4 Qe7 20.Re1 e4 21.f4 Rad8 22.Rad1 h6 23.g3 g5 24.Qc4
gxf4 25.gxf4 Kh7 26.Kh1 Bh5 27.Rd2 Bf3+ 28.Kg1 Rg8+ 29.Kf1 Qh4
30.Bg1 Rxg1+ 0-1

[Event "Moscow Open 2009 B"]
[Site "www.moscowchessopen.ru"]
[Date "2009.02.02"]
[Round "3.29"]
[White "Mosionzhik, Ilya"]
[Black "Shcherbin, Matvei"]
[Result "1/2-1/2"]
[WhiteElo "2162"]
[BlackElo "2262"]
[Annotator ""]
[Source ""]
[Remark ""]

1.e4 c5 2.Nf3 e6 3.c3 d5 4.e5 d4 5.Bb5+ Bd7 6.Bxd7+ Qxd7 7.c4
Ne7 8.d3 Ng6 9.O-O Nc6 10.Re1 Be7 11.Na3 O-O 12.Re4 Qc7 13.Qe2
Rfd8 14.Nc2 a6 15.h4 h6 16.h5 Nf8 17.Nh2 Nh7 18.f4 b5 19.b3 Rab8
20.Qf3 bxc4 21.bxc4 Rb6 22.Re1 Rdb8 23.Ng4 Rb1 24.Ba3 Rxa1 25.Rxa1
Rf8 26.Re1 Kh8 27.Bc1 Qc8 28.Bd2 f6 29.exf6 Nxf6 30.Nf2 Bd6 31.g4
Nh7 32.Qe4 Qc7 33.Nh3 Nd8 34.Rf1 Qe7 35.Be1 Nf6 36.Qe2 e5 37.fxe5
Qxe5 38.Qxe5 Bxe5 39.Bh4 Ne6 40.Bxf6 Bxf6 41.Re1 Nc7 42.Nf4 Rb8
43.Re2 Rb1+ 44.Kg2 Kg8 45.Ne1 a5 46.Nf3 a4 47.Nd2 Rb6 48.Ne4
Be7 49.Ng6 Bd6 50.Kf3 Na6 51.Nxd6 Rxd6 52.Re8+ Kf7 53.Re7+ Kf6
54.Ra7 Nb4 55.Nf4 Rd8 56.Rxa4 Re8 57.a3 Nxd3 58.Nxd3 Re3+ 59.Kf4
Rxd3 60.Ra5 Rc3 61.Rxc5 Rxa3 62.Rd5 d3 63.Ke4 Rc3 64.Kd4 Ra3 1/2-1/2

[Event "Moscow Open 2009 B"]
[Site "www.moscowchessopen.ru"]
[Date "2009.02.02"]
[Round "3.30"]
[White "Koshevoy, Sergey"]
[Black "Sampilov, Bazarjap"]
[Result "1-0"]
[WhiteElo "2260"]
[BlackElo "2157"]
[Annotator ""]
[Source ""]
[Remark ""]

1.d4 d5 2.c4 c6 3.Nf3 Nf6 4.Nc3 dxc4 5.a4 Bf5 6.Ne5 e6 7.Nxc4
Be7 8.g3 O-O 9.Bg2 Nbd7 10.a5 b5 11.Ne3 Rc8 12.Nxf5 exf5 13.O-O
b4 14.Nb1 Nd5 15.Qd3 g6 16.Nd2 N7f6 17.Nb3 Re8 18.Bd2 Bf8 19.Rfc1
Qe7 20.e3 Ne4 21.Rc2 h5 22.Rac1 Qd7 23.Be1 Rc7 24.Rc4 Nef6 25.Qc2
Rec8 26.Nc5 Bxc5 27.Rxc5 Qe7 28.Qa4 Ne4 29.R5c4 c5 30.dxc5 Rxc5
31.Bxe4 fxe4 32.Rxc5 Rxc5 33.Rxc5 Qxc5 34.Qe8+ Kg7 35.Qxe4 Qxa5
36.Qe5+ f6 37.Qd4 Qa1 38.Kf1 Qa6+ 39.Kg2 Qb7 40.e4 Ne7 41.Qxb4
Qd7 42.Bc3 h4 43.Qd4 h3+ 44.Kf1 Qe6 45.f3 Kf7 46.Qxa7 Qc4+ 47.Kf2
Qd3 48.Qd4 Qc2+ 49.Qd2 Qb1 50.Qe1 Qc2+ 51.Qe2 Qc1 52.Qc4+ Kf8
53.Qf1 Qc2+ 54.Qe2 Qc1 55.Bxf6 Qc5+ 56.Ke1 Qg1+ 57.Kd2 Nc6 58.Bc3
Nd4 59.Bxd4 Qxd4+ 60.Kc2 Qc5+ 61.Kd3 Qb5+ 62.Ke3 Qc5+ 63.Kf4
Qg1 64.e5 Qg2 65.Ke3 Qg1+ 66.Kd2 Qd4+ 67.Kc2 Qc5+ 68.Kb3 Qg1
69.f4 Qg2 70.Qc2 Qf3+ 71.Kc4 Qc6+ 72.Kd3 Qd5+ 73.Kc3 Qf3+ 74.Kd2 1-0

[Event "Moscow Open 2009 B"]
[Site "www.moscowchessopen.ru"]
[Date "2009.02.02"]
[Round "3.31"]
[White "Petrov, Artur"]
[Black "Tchernyi, Viktor"]
[Result "1-0"]
[WhiteElo "2253"]
[BlackElo "2154"]
[Annotator ""]
[Source ""]
[Remark ""]

1.e4 e6 2.d4 d5 3.Nc3 Bb4 4.e5 Ne7 5.a3 Bxc3+ 6.bxc3 c5 7.Nf3
Bd7 8.Bd3 Qa5 9.Bd2 Nbc6 10.O-O cxd4 11.cxd4 Qa4 12.Bc3 Nf5 13.Qd2
O-O-O 14.Rfb1 a6 15.Rb6 Kc7 16.Rb4 Nxb4 17.axb4 Qc6 18.b5 axb5
19.Bxf5 exf5 20.e6 b4 21.Bxb4 Ra8 22.Qf4+ Kb6 23.Bc5+ Kb5 24.Rb1+ 1-0

[Event "Moscow Open 2009 B"]
[Site "www.moscowchessopen.ru"]
[Date "2009.02.02"]
[Round "3.32"]
[White "Gevorgyan, David"]
[Black "Senkow, Alexandr"]
[Result "1-0"]
[WhiteElo "2252"]
[BlackElo "2149"]
[Annotator ""]
[Source ""]
[Remark ""]

1.d4 Nf6 2.c4 e6 3.Nc3 d5 4.Nf3 c6 5.e3 Nbd7 6.Qc2 Be7 7.b3 O-O
8.Bb2 Re8 9.Bd3 Bd6 10.O-O e5 11.cxd5 cxd5 12.Nb5 Bb8 13.dxe5
Nxe5 14.Nxe5 Bxe5 15.Bxe5 Rxe5 16.Qc7 Qxc7 17.Nxc7 Rb8 18.Nb5
a6 19.Nd4 Re8 20.Rac1 Bd7 21.Rc7 Rec8 22.Rfc1 Rxc7 23.Rxc7 g6
24.f3 Kf8 25.g4 Ke7 26.g5 Kd6 27.Rc1 Ne8 28.Kf2 Nc7 29.h4 Ne6
30.Bb1 Nxd4 31.exd4 Re8 32.h5 Bb5 33.Re1 Rxe1 34.Kxe1 a5 35.h6
Ke6 36.Kd2 Bd7 37.a3 b5 38.b4 axb4 39.axb4 f5 40.Ke3 Be8 41.Kf4
Bf7 42.Ba2 Be8 43.Bb1 Bf7 44.Bd3 Be8 45.Bb1 Kd6 46.Bxf5 gxf5
47.Kxf5 Ke7 48.f4 Kf7 49.Kg4 Bd7+ 50.f5 Bc6 51.Kf4 Bd7 52.Ke5
Bc8 53.f6 Bg4 54.Kxd5 Kg6 55.Kd6 Bf3 56.Ke6 Be2 57.d5 Bc4 58.f7 1-0

[Event "Moscow Open 2009 B"]
[Site "www.moscowchessopen.ru"]
[Date "2009.02.02"]
[Round "3.33"]
[White "Matveev, Stanislav"]
[Black "Eliseev, Urii"]
[Result "1/2-1/2"]
[WhiteElo "2161"]
[BlackElo "2249"]
[Annotator ""]
[Source ""]
[Remark ""]

1.e4 c6 2.d4 d5 3.e5 Bf5 4.Nf3 e6 5.Be2 h5 6.O-O Bg4 7.Nbd2 Nh6
8.h3 Bxf3 9.Nxf3 Nf5 10.Re1 Nd7 11.c3 Be7 12.Bd3 g6 13.a4 a5
14.b3 Kf8 15.Qd2 c5 16.Qf4 h4 17.Ba3 Rc8 18.Rac1 Kg7 19.Qg4 Nh6
20.Qf4 Nf5 21.Qg4 Nh6 22.Qf4 1/2-1/2

[Event "Moscow Open 2009 B"]
[Site "www.moscowchessopen.ru"]
[Date "2009.02.02"]
[Round "3.34"]
[White "Baranov, Ilja"]
[Black "Tiukaev, Ilgiz"]
[Result "1/2-1/2"]
[WhiteElo "2247"]
[BlackElo "2134"]
[Annotator ""]
[Source ""]
[Remark ""]

1.d4 Nf6 2.c4 g6 3.Nc3 Bg7 4.e4 d6 5.f3 O-O 6.Be3 Nc6 7.Qd2 a6
8.Nge2 Rb8 9.h4 h5 10.Nc1 e5 11.d5 Nd4 12.Nb3 c5 13.dxc6 Nxb3
14.c7 Qxc7 15.axb3 Be6 16.Be2 Qc6 17.Ra5 Nd7 18.Nd5 Rfe8 19.Qb4
Bxd5 20.Rxd5 Nc5 21.O-O Bf8 22.Bxc5 dxc5 23.Qd2 Qf6 24.g3 Rbd8
25.Rd1 Be7 26.Qc3 Rxd5 27.Rxd5 Bd6 28.Bf1 Kg7 29.Bh3 Bc7 30.Kg2
b6 31.Qd2 Rd8 32.Bd7 Qe7 33.Kh3 a5 34.Kg2 1/2-1/2

[Event "Moscow Open 2009 B"]
[Site "www.moscowchessopen.ru"]
[Date "2009.02.02"]
[Round "3.35"]
[White "Bukhteeva, Viktoria"]
[Black "Pletnev, Evgeniy"]
[Result "1/2-1/2"]
[WhiteElo "2154"]
[BlackElo "2246"]
[Annotator ""]
[Source ""]
[Remark ""]

1.e4 Nc6 2.d4 d5 3.exd5 Qxd5 4.Nf3 Bg4 5.Be2 O-O-O 6.Be3 e5 7.c4
Qa5+ 8.Bd2 Bb4 9.d5 e4 10.Ng5 Bxe2 11.Qxe2 Nd4 12.Qd1 Nh6 13.O-O
Bxd2 14.Nxd2 Qb6 15.Ndxe4 Rhe8 16.Nc3 f6 17.Nf3 Nxf3+ 18.Qxf3
Re5 19.Rab1 Qc5 20.Qd3 Nf5 21.b4 Qd4 22.Qxd4 Nxd4 23.Rfe1 1/2-1/2

[Event "Moscow Open 2009 B"]
[Site "www.moscowchessopen.ru"]
[Date "2009.02.02"]
[Round "3.36"]
[White "Ryzhov, Vladimir"]
[Black "Sargissyan, Sargis"]
[Result "0-1"]
[WhiteElo "2246"]
[BlackElo "2119"]
[Annotator ""]
[Source ""]
[Remark ""]

1.e4 e5 2.Nc3 Nf6 3.g3 d5 4.exd5 Nxd5 5.Bg2 Be6 6.Nge2 Nc6 7.O-O
Bc5 8.Re1 O-O 9.Na4 Be7 10.d4 exd4 11.Nxd4 Nxd4 12.Qxd4 Bf6 13.Qe4
c6 14.Bd2 Nb6 15.Bb4 Nxa4 16.Bxf8 Nxb2 17.Bb4 a5 18.Bc5 Bd5 19.Bb6
Qd7 20.Qe2 Bxg2 21.Kxg2 Qd5+ 22.Qf3 Qxf3+ 23.Kxf3 Nc4 24.Rab1
Nd2+ 25.Ke2 Nxb1 26.Rxb1 Re8+ 27.Kf3 h5 28.Rd1 a4 29.c4 Kh7 30.h3
Kg6 31.g4 hxg4+ 32.hxg4 Re6 33.Rd3 Re1 34.Ra3 Rb1 35.c5 Rb4 36.Kg3
Be5+ 37.Kh4 f5 38.f3 Rb2 39.f4 Bxf4 40.Bd8 Rh2+ 41.Rh3 Rxh3+
42.Kxh3 Bg5 43.Bc7 Be7 44.Bb6 Kg5 45.gxf5 Kxf5 46.Kg3 Ke4 0-1

[Event "Moscow Open 2009 B"]
[Site "www.moscowchessopen.ru"]
[Date "2009.02.02"]
[Round "3.37"]
[White "Kuznetsov, Kirill"]
[Black "Krivenko, Sergey"]
[Result "0-1"]
[WhiteElo "2245"]
[BlackElo "2111"]
[Annotator ""]
[Source ""]
[Remark ""]

1.e4 e6 2.d4 d5 3.e5 c5 4.c3 Nc6 5.Nf3 Qb6 6.a3 c4 7.Nbd2 Na5
8.Be2 Bd7 9.O-O Ne7 10.Re1 Nf5 11.g4 Nh6 12.h3 f5 13.exf6 gxf6
14.Bf1 Nf7 15.Rb1 Nd6 16.Bg2 O-O-O 17.g5 Be7 18.gxf6 Bxf6 19.Ne5
Bxe5 20.Rxe5 Rhg8 21.Qh5 Be8 22.Qh4 Bg6 23.Ra1 Rdf8 24.Kh1 Bf5
25.Qh6 Nf7 26.Qh4 Nxe5 27.dxe5 Bd3 28.Bf3 Kb8 29.Kh2 Qc7 30.Qd4
Nc6 0-1

[Event "Moscow Open 2009 B"]
[Site "www.moscowchessopen.ru"]
[Date "2009.02.02"]
[Round "3.38"]
[White "Gansvind, Valeriya I"]
[Black "Polonskiy, Pavel"]
[Result "0-1"]
[WhiteElo "2244"]
[BlackElo "2111"]
[Annotator ""]
[Source ""]
[Remark ""]

1.d4 Nf6 2.Nf3 e6 3.e3 c5 4.Bd3 Nc6 5.a3 d6 6.O-O Be7 7.b3 O-O
8.Bb2 Qc7 9.Nbd2 Re8 10.c4 e5 11.h3 Bd7 12.Qc2 cxd4 13.exd4 exd4
14.Nxd4 Ne5 15.Bf5 d5 16.cxd5 Qxc2 17.Bxc2 Nxd5 18.Be4 Nf4 19.Bxb7
Rab8 20.Ba6 Ned3 21.Ra2 Nxb2 22.Rxb2 Rb6 23.Bc4 Rg6 24.Kh1 Bf6
25.N2f3 Nxg2 26.Bd3 Nh4 27.Nxh4 Bxd4 28.Rd2 Bc6+ 29.f3 Be3 30.Rc2
Rd6 31.Rd1 g6 32.Be2 Rxd1+ 33.Bxd1 Re6 34.Ng2 Bb6 35.Nf4 Re1+
36.Kg2 Bb7 37.Be2 Rg1+ 38.Kh2 Ra1 39.a4 Kg7 40.h4 h5 41.Nh3 Bd5
42.Bc4 Bxf3 43.Kg3 Be4 44.Re2 f5 45.Rd2 Bc7+ 46.Kf2 Kf6 47.Ng5
Bb6+ 48.Ke2 Rh1 49.Rd6+ Ke5 50.Rxg6 Rh2+ 51.Kd1 Bc2+ 52.Ke1 Kf4
53.Ne6+ Ke4 54.Ng5+ Ke3 55.Re6+ Be4 56.Nxe4 Rh1+ 57.Bf1 fxe4
58.Rf6 Bd8 59.Rf7 Bxh4+ 60.Kd1 Bf2 0-1

[Event "Moscow Open 2009 B"]
[Site "www.moscowchessopen.ru"]
[Date "2009.02.02"]
[Round "3.40"]
[White "Melkonian, Vardan"]
[Black "Petukhov, Yury"]
[Result "1-0"]
[WhiteElo "2238"]
[BlackElo "2098"]
[Annotator ""]
[Source ""]
[Remark ""]

1.d4 d5 2.Nf3 Nf6 3.Bf4 Bf5 4.e3 e6 5.Be2 Be7 6.h3 O-O 7.O-O
Ne4 8.c4 dxc4 9.Bxc4 a6 10.Nc3 c5 11.Bd3 Nxc3 12.bxc3 Bxd3 13.Qxd3
Nc6 14.a4 Bf6 15.Qe4 cxd4 16.cxd4 Qe7 17.Rfc1 Rfc8 18.Rc5 Nb4
19.Rac1 Rxc5 20.Rxc5 Nd5 21.a5 Qd8 22.h4 h6 23.Be5 Be7 24.Qg4
Nf6 25.Bxf6 Bxf6 26.Qe4 Be7 27.Rc1 Qd5 28.Qb1 Qxa5 29.Qxb7 Re8
30.Rc6 Qa1+ 31.Kh2 Bf6 32.Rxa6 Qf1 33.Ra2 g5 34.Qe4 Rb8 35.h5
Rb1 36.Ra8+ Kg7 37.Ra7 Qh1+ 38.Kg3 Kg8 39.Ra8+ Kg7 40.Re8 Qxh5
41.Qa8 Kg6 42.Rg8+ Bg7 43.Qe4+ 1-0